Current NASCAR Cup Driver's First Wins - Statistics

General Stats
  • This quiz has been taken 32 times
  • The average score is 23 of 26
Answer Stats
Hint Answer % Correct
#2 Austin Cindric Daytona
100%
#7 Justin Haley Daytona
100%
#24 William Byron Daytona
100%
#43 Erik Jones Daytona
100%
#71 Michael McDowell Daytona
100%
#20 Christopher Bell Daytona (Road)
100%
#88 Shane van Gisbergen Chicago
96%
#48 Alex Bowman Chicagoland
96%
#11 Denny Hamlin Pocono
93%
#12 Ryan Blaney Pocono
93%
#17 Chris Buescher Pocono
93%
#3 Austin Dillon Charlotte
89%
#41 Cole Custer Kentucky
89%
#99 Daniel Suarez Sonoma
89%
#6 Brad Keselowski Talladega
89%
#23 Bubba Wallace Talladega
89%
#47 Ricky Stenhouse Jr Talladega
89%
#9 Chase Elliott Watkins Glen
89%
#16 AJ Allmendinger Watkins Glen
89%
#21 Josh Berry Las Vegas
85%
#19 Chase Briscoe Phoenix
85%
#8 Kyle Busch Auto Club
81%
#5 Kyle Larson Michigan
81%
#1 Ross Chastain Circuit of the Americas
78%
#22 Joey Logano New Hampshire
74%
#45 Tyler Reddick Road America
59%
No matching quizzes found
Score Distribution
Percent of People with Each Score
Percentile by Number Answered
Your Score History
You have not taken this quiz